[Event "European Blitz 2017"]
[Site "Katowice POL"]
[Date "2017.12.15"]
[Round "5.59"]
[White "Pulpan, Jakub"]
[Black "Mroziak, Maciej"]
[Result "1-0"]
[WhiteTitle "IM"]
[BlackTitle "IM"]
[WhiteElo "2400"]
[BlackElo "2397"]
[WhiteFideId "302759"]
[BlackFideId "1139665"]
[EventDate "2017.12.15"]
[EventType "blitz"]

1. e4 c5 2. Nf3 d6 3. d4 cxd4 4. Nxd4 Nf6 5. Nc3 g6 6. Be3 Bg7 7. f3 O-O 8. Qd2
Nc6 9. Bc4 Bd7 10. Bb3 Rb8 11. h4 Na5 12. h5 Nxb3 13. Nxb3 b5 14. hxg6 fxg6 15.
Bh6 Bxh6 16. Qxh6 Rf7 17. e5 dxe5 18. O-O-O Qc7 19. Nd5 Nxd5 20. Rxd5 Be6 21.
Rc5 Qb6 22. Rxe5 a5 23. Rhe1 Bxb3 24. axb3 a4 25. Rxe7 Rxe7 26. Rxe7 Qg1+ 27.
Kd2 Qd4+ 28. Ke2 Qh8 29. Qf4 Rf8 30. Qh4 Rf7 31. Re8+ Rf8 32. Rxf8+ Kxf8 33.
Qd8+ Kg7 34. Qxh8+ Kxh8 35. bxa4 bxa4 36. Kd3 Kg7 37. Kc4 Kf6 38. Kb4 Ke5 39.
Kxa4 Kf4 40. b4 Kg3 41. b5 Kxg2 42. b6 h5 43. b7 h4 44. b8=Q h3 45. Qd6 g5 46.
Qe5 h2 47. Qxg5+ 1-0

[Event "European Blitz 2017"]
[Site "Katowice POL"]
[Date "2017.12.15"]
[Round "5.60"]
[White "Piotrowski, Przemyslaw"]
[Black "Luch, Michal"]
[Result "0-1"]
[BlackTitle "IM"]
[WhiteElo "2314"]
[BlackElo "2398"]
[WhiteFideId "1127063"]
[BlackFideId "1120042"]
[EventDate "2017.12.15"]
[EventType "blitz"]

1. d4 Nf6 2. Nf3 e6 3. g3 d5 4. Bg2 b5 5. O-O Bb7 6. a4 b4 7. c3 Na6 8. Nbd2 c5
9. dxc5 Bxc5 10. Nb3 Be7 11. Bf4 O-O 12. Ne5 bxc3 13. bxc3 Rc8 14. c4 Nc5 15.
Nxc5 Bxc5 16. Rb1 Ba6 17. cxd5 Nxd5 18. Bxd5 exd5 19. Nd3 Bb6 20. Qd2 Re8 21.
Rfd1 Bc4 22. e3 Qf6 23. h4 h6 24. a5 Bd8 25. Qb2 Qxb2 26. Rxb2 Bxa5 27. Rb7 Bb6
28. Nb4 Red8 29. Be5 Bc5 30. Nc2 Ba6 31. Rc7 Rxc7 32. Bxc7 Rc8 33. Be5 Bc4 34.
Bd4 Bxd4 35. exd4 Bb3 36. Ra1 Bxc2 37. Rxa7 Be4 38. g4 g5 39. hxg5 hxg5 40. Ra4
Rc4 41. Ra8+ Kg7 0-1

[Event "European Blitz 2017"]
[Site "Katowice POL"]
[Date "2017.12.15"]
[Round "5.61"]
[White "Kanarek, Marcel"]
[Black "Swicarz, Maciej"]
[Result "1-0"]
[WhiteTitle "GM"]
[WhiteElo "2505"]
[BlackElo "2378"]
[WhiteFideId "1126822"]
[BlackFideId "1113585"]
[EventDate "2017.12.15"]
[EventType "blitz"]

1. e4 c6 2. d4 d5 3. Nc3 a6 4. Nf3 Bg4 5. Be2 e6 6. h3 Bxf3 7. Bxf3 Nf6 8. O-O
Be7 9. g3 O-O 10. Re1 Nbd7 11. e5 Ne8 12. Ne2 c5 13. c3 b5 14. Bg2 b4 15. c4 Nb6
16. cxd5 Nxd5 17. Nf4 Nxf4 18. Bxf4 Rb8 19. d5 exd5 20. e6 Nc7 21. exf7+ Kh8 22.
Bxd5 Nxd5 23. Bxb8 Rxf7 24. Qd2 Bg5 25. Qxg5 1-0

[Event "European Blitz 2017"]
[Site "Katowice POL"]
[Date "2017.12.15"]
[Round "5.62"]
[White "Mareckova, Martina"]
[Black "Brodowski, Piotr"]
[Result "0-1"]
[WhiteTitle "WFM"]
[BlackTitle "IM"]
[WhiteElo "2132"]
[BlackElo "2430"]
[WhiteFideId "327930"]
[BlackFideId "1124480"]
[EventDate "2017.12.15"]
[EventType "blitz"]

1. e4 g6 2. Nc3 Bg7 3. g3 c5 4. d3 Nc6 5. Bg2 d6 6. Be3 h5 7. h4 Nf6 8. Nh3 Ng4
9. Bg5 Bd7 10. Qd2 Nd4 11. Nd1 Ne5 12. Ng1 Bg4 13. c3 Ndf3+ 14. Nxf3 Nxf3+ 15.
Bxf3 Bxf3 16. Rg1 Qd7 17. d4 cxd4 18. cxd4 Bxe4 19. Nc3 d5 20. O-O-O Rc8 21.
Rde1 O-O 22. f3 Bxf3 23. Rxe7 Qa4 24. Kb1 Qxd4 25. Qxd4 Bxd4 26. Rc1 Bc5 27.
Rxb7 d4 28. Na4 Bxb7 29. Nxc5 Bf3 30. Nd7 Be4+ 0-1

[Event "European Blitz 2017"]
[Site "Katowice POL"]
[Date "2017.12.15"]
[Round "5.63"]
[White "Berchtenbreiter, Maximilian"]
[Black "Styazhkina, Anna"]
[Result "1-0"]
[WhiteTitle "IM"]
[BlackTitle "WIM"]
[WhiteElo "2387"]
[BlackElo "2283"]
[WhiteFideId "24641120"]
[BlackFideId "24119300"]
[EventDate "2017.12.15"]
[EventType "blitz"]

1. e4 e5 2. Nf3 Nc6 3. Bc4 Bc5 4. c3 Nf6 5. d3 d6 6. Bb3 a6 7. Nbd2 Ba7 8. Qe2
h6 9. h3 Ne7 10. Nc4 Ng6 11. g3 Qe7 12. Ne3 O-O 13. h4 Re8 14. h5 Nf8 15. Nh4
Bxe3 16. Bxe3 Bg4 17. f3 Bxh5 18. Nf5 Qd7 19. g4 Bg6 20. Qh2 N8h7 21. Bxh6 gxh6
22. Qxh6 Bxf5 23. gxf5 Kh8 24. Qxf6+ 1-0

[Event "European Blitz 2017"]
[Site "Katowice POL"]
[Date "2017.12.15"]
[Round "5.64"]
[White "Kukula, Pawel"]
[Black "Valsecchi, Alessio"]
[Result "1/2-1/2"]
[BlackTitle "IM"]
[WhiteElo "2181"]
[BlackElo "2501"]
[WhiteFideId "1115081"]
[BlackFideId "818860"]
[EventDate "2017.12.15"]
[EventType "blitz"]

1. d4 d5 2. Bf4 Nf6 3. e3 e6 4. Nf3 Bd6 5. Bg3 c5 6. c3 Nc6 7. Nbd2 O-O 8. Bd3
b6 9. O-O Qc7 10. dxc5 bxc5 11. e4 Bxg3 12. hxg3 Rd8 13. Qe2 Rb8 14. b3 h6 15.
Rfe1 a5 16. Rab1 d4 17. cxd4 cxd4 18. Rbc1 Qd7 19. e5 Nd5 20. Qe4 g6 21. Qh4 Kg7
22. Ne4 Ncb4 23. Bb1 Qe7 24. Qg4 Ba6 25. Nd6 d3 26. Red1 f5 27. Qd4 Qd7 28. a3
Nc6 29. Qb2 Kh7 30. Bxd3 Bxd3 31. Rxd3 Nxe5 32. Nxe5 Qxd6 33. Nf7 Qa6 34. Nxd8
Qxd3 35. Nxe6 Rb7 36. Rc8 Qd1+ 37. Kh2 Qh5+ 38. Kg1 Qd1+ 1/2-1/2

[Event "European Blitz 2017"]
[Site "Katowice POL"]
[Date "2017.12.15"]
[Round "5.65"]
[White "Maier, Christian"]
[Black "Kowalczyk, Rafal"]
[Result "0-1"]
[WhiteTitle "IM"]
[WhiteElo "2393"]
[BlackElo "2223"]
[WhiteFideId "4601955"]
[BlackFideId "1133853"]
[EventDate "2017.12.15"]
[EventType "blitz"]

1. e4 e5 2. Nf3 Nc6 3. Bb5 a6 4. Ba4 Nf6 5. O-O b5 6. Bb3 Be7 7. Re1 d6 8. h3
Na5 9. Nc3 Nxb3 10. axb3 Bb7 11. b4 O-O 12. d4 exd4 13. Nxd4 g6 14. Bh6 Re8 15.
Qf3 Nd7 16. Nd5 Bf8 17. Bxf8 Rxf8 18. Qc3 c5 19. Nf3 Rc8 20. Rad1 cxb4 21. Qxb4
Rxc2 22. Qxd6 Rc6 23. Qf4 Re6 24. Ng5 Re5 25. Nf3 Re6 26. Nc7 Qe7 27. Nxe6 fxe6
28. Qc7 Bc8 29. Ne5 Qc5 30. Qxc5 Nxc5 31. Nd3 Nb3 32. Nb4 a5 33. Nc6 Kf7 34. f4
a4 35. g3 Kf6 36. h4 h5 37. Kf2 Nc5 38. Ke3 Bb7 39. Rd6 Rc8 40. Ne5 Nxe4 41. Rb6
Nc5 42. Rd1 Kf5 43. Rdd6 Bd5 44. Nf7 Ra8 45. Nd8 a3 46. bxa3 Rxa3+ 47. Ke2 Ra2+
48. Kd1 Ke4 49. Rxb5 Nd3 50. Nxe6 Bc4 51. Rb1 Ke3 52. Rxd3+ Bxd3 53. Nc5 Bxb1 0-1

[Event "European Blitz 2017"]
[Site "Katowice POL"]
[Date "2017.12.15"]
[Round "5.66"]
[White "Klabis, Rokas"]
[Black "Djuric, Stefan"]
[Result "1-0"]
[WhiteTitle "FM"]
[BlackTitle "GM"]
[WhiteElo "2366"]
[BlackElo "2383"]
[WhiteFideId "12805246"]
[BlackFideId "900133"]
[EventDate "2017.12.15"]
[EventType "blitz"]

1. e4 c5 2. Nf3 g6 3. g3 Bg7 4. Bg2 Nc6 5. O-O d6 6. c3 e5 7. Na3 Nge7 8. Nc2 f5
9. exf5 Bxf5 10. d4 cxd4 11. cxd4 e4 12. Nh4 d5 13. Bg5 Qd7 14. b4 Be6 15. f3
O-O 16. b5 Na5 17. fxe4 dxe4 18. Qe1 Rxf1+ 19. Bxf1 Nc4 20. d5 Qxd5 21. Bxe7
Bxa1 22. Qxa1 Re8 23. Qf6 Nd2 1-0

[Event "European Blitz 2017"]
[Site "Katowice POL"]
[Date "2017.12.15"]
[Round "5.67"]
[White "Balint, Vilmos"]
[Black "Miezis, Normunds"]
[Result "0-1"]
[BlackTitle "GM"]
[WhiteElo "2263"]
[BlackElo "2434"]
[WhiteFideId "718050"]
[BlackFideId "11600136"]
[EventDate "2017.12.15"]
[EventType "blitz"]

1. d4 Nf6 2. Bf4 c5 3. e3 e6 4. Nc3 a6 5. Nf3 b5 6. a3 Bb7 7. Be2 Nc6 8. d5 Na5
9. d6 Qb6 10. h3 Nc4 11. Bxc4 bxc4 12. O-O h6 13. Ne5 Qxd6 14. Qe2 Qb6 15. Nxc4
Qc6 16. f3 d5 17. Ne5 Qb6 18. Na4 Qb5 19. Qxb5+ axb5 20. Nc3 Ba6 21. a4 b4 22.
Nb5 Rc8 23. c3 bxc3 24. bxc3 Be7 25. c4 O-O 26. Rfd1 Rfd8 27. Na7 Ra8 28. Nac6
Re8 29. cxd5 exd5 30. Rab1 Bf8 31. Rb6 Bc8 32. Ng4 Nxg4 33. hxg4 Be6 34. a5 c4
35. Nd4 Rxa5 36. Nf5 Bc5 37. Rb7 Bxf5 38. gxf5 c3 39. Rc7 c2 40. Rc1 Bxe3+ 41.
Bxe3 Rxe3 42. R1xc2 Re5 43. f6 gxf6 44. Rd7 Ra1+ 45. Kh2 Rg5 46. g4 f5 47. Rxd5
fxg4 48. Rxg5+ hxg5 49. fxg4 Kg7 50. Kg2 Ra4 51. Kg3 f6 52. Rc3 Kf7 53. Rc7+ Ke6
54. Rc6+ Ke5 55. Rc5+ Ke4 56. Rc6 Ra3+ 57. Kg2 Ke5 58. Rc5+ Kf4 59. Rf5+ Kxg4
60. Rxf6 Ra2+ 61. Kf1 Kg3 62. Rf5 g4 63. Re5 Ra1+ 64. Ke2 Kg2 65. Rh5 Ra8 66.
Re5 Ra7 67. Re4 g3 68. Re5 Ra2+ 69. Ke3 Kf1 70. Rf5+ Rf2 71. Rb5 Kg1 72. Rg5 Kg2
73. Rg8 Rf7 74. Re8 Kf1 75. Ra8 Kg2 76. Re8 Kg1 77. Rg8 g2 78. Ra8 Rh7 79. Kf3
Kh1 0-1

[Event "European Blitz 2017"]
[Site "Katowice POL"]
[Date "2017.12.15"]
[Round "5.68"]
[White "Kreisl, Robert"]
[Black "Paprocki, Jaroslaw"]
[Result "1-0"]
[WhiteTitle "IM"]
[WhiteElo "2440"]
[BlackElo "2184"]
[WhiteFideId "1613880"]
[BlackFideId "1122274"]
[EventDate "2017.12.15"]
[EventType "blitz"]

1. Nf3 Nf6 2. g3 b5 3. e3 a6 4. b3 Bb7 5. c4 c6 6. Bg2 d6 7. O-O Nbd7 8. Bb2 g6
9. a4 bxc4 10. bxc4 a5 11. d4 Bg7 12. Nbd2 c5 13. d5 O-O 14. e4 Ne8 15. Bxg7
Nxg7 16. Nb1 Ba6 17. Na3 Nb6 18. Qc2 e5 19. dxe6 Nxe6 20. Rfd1 Qc7 21. Rd2 Rad8
22. Rad1 Rd7 23. Bh3 Rdd8 24. Nb5 Bxb5 25. axb5 a4 26. Qc3 Qe7 27. Bg2 Rd7 28.
Qa5 Rb8 29. Qc3 Nc8 30. e5 Rb6 31. Ne1 Rd8 32. Nc2 dxe5 33. Qxe5 Rxd2 34. Rxd2
Rd6 35. Bd5 Nb6 36. Ne3 Qd7 37. Bxe6 Rxe6 38. Rxd7 Rxe5 39. Rd6 Rxe3 40. fxe3
Nxc4 41. Ra6 a3 42. b6 Nd6 43. Rxa3 Kf8 44. Ra8+ Kg7 45. Ra7 Nc8 46. b7 Nxa7 47.
b8=Q Nc6 48. Qd6 Nb4 49. Qxc5 Na6 50. Qc3+ Kg8 51. Qc8+ 1-0

[Event "European Blitz 2017"]
[Site "Katowice POL"]
[Date "2017.12.15"]
[Round "5.70"]
[White "Polivanov, Anatoliy"]
[Black "Molenda, Marcin"]
[Result "1-0"]
[WhiteTitle "IM"]
[BlackTitle "FM"]
[WhiteElo "2383"]
[BlackElo "2388"]
[WhiteFideId "14109468"]
[BlackFideId "1173065"]
[EventDate "2017.12.15"]
[EventType "blitz"]

1. d4 Nf6 2. c4 c5 3. d5 e6 4. Nc3 exd5 5. cxd5 d6 6. e4 g6 7. Nge2 Bg7 8. Ng3
O-O 9. Be2 Re8 10. O-O a6 11. a4 Nbd7 12. Bg5 h6 13. Be3 Ne5 14. f3 Qa5 15. Qd2
Qb4 16. Nd1 Qxd2 17. Bxd2 Rb8 18. a5 b5 19. axb6 Rxb6 20. Ba5 Rb7 21. Bc3 Rb6
22. Ne3 Bf8 23. h3 Bb7 24. f4 Ned7 25. Nc4 Rb3 26. Na5 Nxe4 27. Nxe4 Rxe4 28.
Bf3 Reb4 29. Bxb4 Rxb4 30. b3 Bc8 31. Rab1 Rxf4 32. Nc6 g5 33. Bg4 Rxf1+ 34.
Rxf1 Kg7 35. Na7 Bb7 36. Bxd7 Bxd5 37. Ba4 Be6 38. Nc6 d5 39. Nd8 Bc8 40. Rxf7+
Kg8 41. Bd7 Bxd7 42. Rxd7 d4 43. Ne6 1-0

[Event "European Blitz 2017"]
[Site "Katowice POL"]
[Date "2017.12.15"]
[Round "5.71"]
[White "Tymrakiewicz, Rafal"]
[Black "Jahncke, Giso"]
[Result "1/2-1/2"]
[WhiteTitle "FM"]
[BlackTitle "FM"]
[WhiteElo "2272"]
[BlackElo "2403"]
[WhiteFideId "1108832"]
[BlackFideId "24608289"]
[EventDate "2017.12.15"]
[EventType "blitz"]

1. d4 Nf6 2. Bf4 d5 3. e3 c5 4. c3 Nc6 5. Nd2 cxd4 6. exd4 g6 7. Bd3 Bg7 8. Ngf3
O-O 9. O-O Bg4 10. h3 Bxf3 11. Nxf3 a6 12. Re1 e6 13. Qd2 Re8 14. Ne5 Rc8 15.
Bg5 Qd6 16. f4 Nd7 17. Bh4 b5 18. Re2 Nb6 19. a3 Nc4 20. Bxc4 bxc4 21. Rf1 f6
22. Nxc6 Qxc6 23. Rfe1 Kf7 24. g4 Qd7 25. Bg3 Re7 26. Qc2 Rce8 27. Kg2 f5 28.
Bh4 Bf6 29. Bxf6 Kxf6 30. g5+ Kf7 31. Kf3 Rh8 32. h4 h6 33. gxh6 Rxh6 34. Rh2
Rh5 35. Rg1 Qe8 36. Qe2 Qh8 37. Qe5 Qxe5 38. dxe5 Rb7 39. Ke3 Rb3 40. Kd4 Kg7
41. Rg5 Kh6 42. Rhg2 Rxh4 43. Rxg6+ Kh7 44. Rg7+ Kh8 45. Rg8+ Kh7 46. R8g7+ Kh8
47. Rg8+ Kh7 48. R8g7+ Kh8 49. Rg8+ Kh7 50. R2g7+ Kh6 51. Rg6+ Kh7 52. R6g7+ Kh6
53. Rg6+ Kh7 54. R6g7+ Kh6 55. Rg6+ Kh7 56. R6g7+ 1/2-1/2

[Event "European Blitz 2017"]
[Site "Katowice POL"]
[Date "2017.12.15"]
[Round "5.73"]
[White "Krause, Jonah"]
[Black "Korolchuk, Nikolav"]
[Result "1-0"]
[WhiteTitle "FM"]
[WhiteElo "2368"]
[BlackElo "2226"]
[WhiteFideId "12907910"]
[BlackFideId "13500961"]
[EventDate "2017.12.15"]
[EventType "blitz"]

1. d4 e6 2. c4 f5 3. Nf3 Nf6 4. g3 d5 5. Bg2 c6 6. O-O Bd6 7. Qc2 Ne4 8. Nc3 Nd7
9. Rb1 O-O 10. b4 Qe8 11. b5 Ndf6 12. a4 Nxc3 13. Qxc3 Ne4 14. Qc2 f4 15. Nd2
Nxd2 16. Bxd2 Kh8 17. Bb4 Qe7 18. Bxd6 Qxd6 19. Rbc1 cxb5 20. axb5 dxc4 21. Qxc4
e5 22. Rfd1 Qf6 23. dxe5 Qxe5 24. Qc5 Qf6 25. Qd4 Qf7 26. Qxf4 Qxf4 27. gxf4 Bg4
28. f3 Bf5 29. Rc7 a5 30. Rxb7 a4 31. Ra1 a3 32. b6 Be6 33. e4 a2 34. f5 Bg8 35.
f4 Ra4 36. e5 Rb4 37. Kf2 Rb1 38. Rxa2 Bxa2 39. Ra7 Bg8 40. b7 Rb8 41. Kg3 Rb3+
42. Kh4 h6 43. e6 Rb4 44. Kg3 Rb5 45. Be4 Rb3+ 46. Kf2 Rb4 47. Ke3 Rb3+ 48. Kd4
Rd8+ 49. Kc5 Rc3+ 50. Kb6 Rd6+ 51. Kb5 Rd8 52. Ra8 Rb3+ 53. Kc6 Rc3+ 54. Kb6
Rb3+ 55. Kc7 Rxb7+ 56. Bxb7 Rd4 57. e7 1-0

[Event "European Blitz 2017"]
[Site "Katowice POL"]
[Date "2017.12.15"]
[Round "5.74"]
[White "Herman, Jean"]
[Black "Reichmann, Hendrik"]
[Result "1-0"]
[BlackTitle "FM"]
[WhiteElo "2255"]
[BlackElo "2337"]
[WhiteFideId "263036"]
[BlackFideId "4647823"]
[EventDate "2017.12.15"]
[EventType "blitz"]

1. d4 g6 2. Nf3 Bg7 3. c4 d6 4. e4 e5 5. dxe5 dxe5 6. Qxd8+ Kxd8 7. Be2 c6 8.
O-O f6 9. Nc3 Be6 10. Be3 Nd7 11. b4 Ne7 12. Rfd1 Kc7 13. c5 Nc8 14. Nd2 f5 15.
f3 a5 16. a3 b5 17. cxb6+ Ncxb6 18. b5 c5 19. Rac1 Bf8 20. Ncb1 Be7 21. Nc4 Nxc4
22. Bxc4 Bxc4 23. Rxc4 Nb6 24. Rc2 Rad8 25. Rdc1 Na4 26. Nd2 Rd3 27. Kf2 Rhd8
28. Nc4 f4 29. Bd2 Bd6 30. Bxa5+ Kb7 31. Bxd8 1-0

[Event "European Blitz 2017"]
[Site "Katowice POL"]
[Date "2017.12.15"]
[Round "5.75"]
[White "Montilla Carrillo, Esteban"]
[Black "Kantans, Toms"]
[Result "0-1"]
[WhiteTitle "FM"]
[BlackTitle "GM"]
[WhiteElo "2233"]
[BlackElo "2484"]
[WhiteFideId "2208261"]
[BlackFideId "11602945"]
[EventDate "2017.12.15"]
[EventType "blitz"]

1. Nf3 Nf6 2. c4 c5 3. Nc3 Nc6 4. g3 g6 5. Bg2 Bg7 6. O-O O-O 7. d3 b6 8. e4 Bb7
9. h3 d6 10. a3 h6 11. Rb1 Ne8 12. Be3 Rc8 13. Qd2 Kh7 14. b4 Nc7 15. bxc5 dxc5
16. Bxc5 bxc5 17. Rxb7 Rb8 18. Rfb1 Rxb7 19. Rxb7 Qc8 20. Rb1 Rd8 21. Bf1 Ne6
22. Nd5 Ned4 23. Nxd4 Nxd4 24. Qf4 e6 25. Ne7 Qd7 26. Qxf7 Qe8 27. Qxe8 Rxe8 28.
Nd5 exd5 29. cxd5 Re7 30. f4 g5 31. Kg2 Rf7 32. fxg5 hxg5 33. Rc1 Nb3 34. Rb1
Nd2 35. Rd1 Nb3 36. Be2 Bd4 37. Bf3 Kg7 38. h4 gxh4 39. gxh4 Kf6 40. Kf1 Ke5 41.
Ke2 Bc3 42. Rb1 Nd4+ 43. Ke3 Rxf3# 0-1

[Event "European Blitz 2017"]
[Site "Katowice POL"]
[Date "2017.12.15"]
[Round "5.76"]
[White "Lubczynski, Rafal"]
[Black "Subirats Ruiz, Sergi"]
[Result "1-0"]
[WhiteTitle "IM"]
[WhiteElo "2429"]
[BlackElo "2173"]
[WhiteFideId "1126091"]
[BlackFideId "2292475"]
[EventDate "2017.12.15"]
[EventType "blitz"]

1. Nf3 Nf6 2. c4 g6 3. g3 Bg7 4. Bg2 O-O 5. O-O d5 6. cxd5 Nxd5 7. d4 c5 8. Nc3
Nxc3 9. bxc3 Nc6 10. e3 cxd4 11. cxd4 Qa5 12. Nd2 Rd8 13. Nb3 Qb4 14. Bd2 Qd6
15. f4 a5 16. Kh1 a4 17. Nc5 b6 18. Ne4 Qd7 19. Rb1 Ba6 20. Rf2 Rdb8 21. Be1 h6
22. Rfb2 b5 23. Nc5 Qd6 24. Nxa6 Rxa6 25. Rxb5 Rxb5 26. Rxb5 Kh7 27. Qc2 Nd8 28.
Rd5 Qb8 29. Rd7 Re6 30. Bd2 Bf6 31. f5 gxf5 32. Qxf5+ Kg7 33. Be4 Kf8 34. Qh7
Bg7 35. Bd5 Rf6 36. Kg2 Qb2 37. Rxd8# 1-0

[Event "European Blitz 2017"]
[Site "Katowice POL"]
[Date "2017.12.15"]
[Round "5.77"]
[White "Wilk, Krzysztof"]
[Black "Shkapenko, Pavel"]
[Result "1/2-1/2"]
[BlackTitle "IM"]
[WhiteElo "2125"]
[BlackElo "2431"]
[WhiteFideId "1116193"]
[BlackFideId "4151933"]
[EventDate "2017.12.15"]
[EventType "blitz"]

1. a3 e6 2. b4 Nf6 3. Bb2 a5 4. b5 c5 5. bxc6 Nxc6 6. e3 Be7 7. Nf3 O-O 8. c4 d5
9. cxd5 Nxd5 10. Nc3 Bf6 11. Qc2 Nxc3 12. Bxc3 Bd7 13. Be2 Rc8 14. Bxf6 Qxf6 15.
Qb1 Ne5 16. d4 Nxf3+ 17. Bxf3 Bc6 18. Bxc6 bxc6 19. O-O c5 20. dxc5 Rxc5 21. Ra2
Rfc8 22. h3 g6 23. Rd1 h5 24. Rad2 Kg7 25. Qb6 Rg5 26. Qb7 Rc3 27. Rd7 Rc2 28.
Rxf7+ Qxf7 29. Rd7 Rxf2 30. Rxf7+ Rxf7 31. Qc6 1/2-1/2

[Event "European Blitz 2017"]
[Site "Katowice POL"]
[Date "2017.12.15"]
[Round "5.78"]
[White "Meissner, Felix"]
[Black "Psyk, Radoslaw"]
[Result "1/2-1/2"]
[WhiteTitle "FM"]
[WhiteElo "2333"]
[BlackElo "2222"]
[WhiteFideId "24671827"]
[BlackFideId "1182838"]
[EventDate "2017.12.15"]
[EventType "blitz"]

1. e4 Nf6 2. Nc3 e5 3. Nf3 Nc6 4. d4 exd4 5. Nxd4 Bb4 6. Nxc6 bxc6 7. Bd3 d6 8.
O-O h6 9. h3 O-O 10. Qf3 Re8 11. Bf4 a5 12. Na4 d5 13. e5 Nd7 14. Qg3 Kh8 15. c3
Bf8 16. Rfe1 Nc5 17. Nxc5 Bxc5 18. Rad1 Be6 19. Bb1 Bf8 20. h4 Qd7 21. c4 Bf5
22. Bxf5 Qxf5 23. cxd5 cxd5 24. Rxd5 Rad8 25. Rxd8 Rxd8 26. a3 Qc2 27. Rc1 Rd1+
28. Rxd1 Qxd1+ 29. Kh2 Qc2 30. b4 axb4 31. axb4 Bxb4 32. Be3 Bc3 33. e6 fxe6 34.
Qxc7 Qb2 35. Qc8+ Kh7 36. Qxe6 Be5+ 37. g3 Bf6 38. Qf5+ Kg8 39. Bxh6 gxh6 40.
Qg6+ Bg7 41. Qe8+ Bf8 42. Qe6+ Kh8 43. Qf5 Qg7 44. Kg2 Be7 45. Qc8+ Kh7 46. Qf5+
Kg8 47. Qc8+ Bf8 48. Qe6+ Kh8 49. Qf5 Kg8 50. Qd5+ Kh8 51. Qf5 Qb7+ 52. Kg1 Qe7
53. Kg2 Qd8 54. Qf3 Bg7 55. Qe4 Qb8 56. Qf3 Qb6 57. Qf5 Qc6+ 58. Qf3 Qe8 59. Qd5
Qb8 60. Qf3 Qd8 61. Qe4 Qc8 62. Qf3 Qa6 63. Qe4 Qc8 64. Qf3 Qd8 65. Qe4 Qf8 66.
Qf3 Qe8 67. Qd5 Qg6 68. Qf3 Qd6 69. Qe4 Bd4 70. Qf3 Kg7 71. Qf5 Bf6 72. Qg4+ Kh8
73. Qf3 Qd8 74. Qf5 Qe7 75. Qf3 Kg7 76. Qg4+ Kf8 77. Qf3 Qd6 78. Qf5 Kg7 79.
Qg4+ Kh8 80. Qf3 Bd4 81. Qf7 Qc6+ 82. Qf3 Qxf3+ 83. Kxf3 Kg7 84. g4 Kg6 85. Kg3
Bc3 86. h5+ Kf6 87. f4 Be1+ 88. Kf3 Bd2 89. g5+ hxg5 90. fxg5+ Ke5 1/2-1/2

[Event "European Blitz 2017"]
[Site "Katowice POL"]
[Date "2017.12.15"]
[Round "5.79"]
[White "Balazs, Ladislav"]
[Black "Bartel, Michal"]
[Result "0-1"]
[BlackTitle "FM"]
[WhiteElo "2110"]
[BlackElo "2360"]
[WhiteFideId "14931265"]
[BlackFideId "1119257"]
[EventDate "2017.12.15"]
[EventType "blitz"]

1. e4 e5 2. Nf3 Nc6 3. Bc4 Nf6 4. d3 h6 5. O-O g6 6. c3 Bg7 7. Re1 d6 8. d4 O-O
9. h3 Qe7 10. Nbd2 Bd7 11. Nf1 Rad8 12. Qc2 Bc8 13. Ng3 Rfe8 14. Bd2 Qf8 15.
Rad1 Kh7 16. b4 a6 17. a4 exd4 18. cxd4 d5 19. exd5 Nxb4 20. Bxb4 Qxb4 21. Rxe8
Nxe8 22. Ne5 Nd6 23. Bd3 Kg8 24. Qxc7 Rf8 25. Nf3 Qxa4 26. Re1 Qd7 27. Qc5 Re8
28. Ne5 Qd8 29. Re3 h5 30. Nf1 Nf5 31. Bxf5 Bxf5 32. Nd2 Bh6 33. Re2 Bd3 34. Re1
Bxd2 35. Rd1 b6 36. Qa3 Qxd5 37. Qxd3 Rxe5 38. Qxd2 Re6 39. Qd3 b5 40. Qc3 Rc6
41. Qg3 Rc8 42. Qe3 Rd8 43. g3 a5 44. Kh2 b4 45. Rc1 Qxd4 46. Rc8 Qd7 47. Rc5 a4
48. Re5 b3 49. Re7 Qd5 50. Qc1 Qd2 51. Qc5 Qd6 52. Qa7 Qf6 53. Re2 b2 54. Qb7 a3
55. Qb3 Qd6 56. h4 Rb8 0-1

[Event "European Blitz 2017"]
[Site "Katowice POL"]
[Date "2017.12.15"]
[Round "5.80"]
[White "Kumala, Aleksander"]
[Black "Boe, Mads"]
[Result "1-0"]
[BlackTitle "FM"]
[WhiteElo "2220"]
[BlackElo "2292"]
[WhiteFideId "1141880"]
[BlackFideId "1401408"]
[EventDate "2017.12.15"]
[EventType "swiss"]

1. e4 c6 2. d4 d5 3. exd5 cxd5 4. Bd3 Nf6 5. c3 Nc6 6. h3 g6 7. Nf3 Bf5 8. Bxf5
gxf5 9. Bf4 e6 10. Nbd2 Bd6 11. Bxd6 Qxd6 12. Nb3 Ne4 13. Nc1 Rg8 14. Rg1 O-O-O
15. Nd3 f6 16. Qe2 Kb8 17. O-O-O Rc8 18. Kb1 Na5 19. Nd2 Nc4 20. Nxc4 dxc4 21.
Nc5 Nxc5 22. dxc5 Qxc5 23. Qxe6 Qxf2 24. Qxf6 Rxg2 25. Rxg2 Qxg2 26. Qe5+ Ka8
27. Qxf5 Qg8 28. a3 a6 29. Rd7 Qg6 30. Qxg6 hxg6 31. Rd6 Rh8 32. Rxg6 Rxh3 33.
Rg4 b5 34. a4 Rh5 35. axb5 axb5 36. Rg7 Rd5 37. Ka2 Rf5 38. Ka3 Kb8 39. Kb4 Rf2
40. Ka3 Rf5 41. Rh7 Ka8 42. Rh2 Kb7 43. Kb4 Kb6 44. Rh6+ Kb7 45. Rh7+ Kb6 46.
Rh6+ Kb7 47. Re6 Rg5 48. Re7+ Kb6 49. Re8 Rh5 50. Rb8+ Kc6 51. Rc8+ Kb6 52. Rg8
Rf5 53. Rg6+ Kb7 54. Ka5 Rh5 55. Rg7+ Kc6 56. Rg8 Rh2 57. Rg6+ Kd5 58. Rg5+ Kc6
59. Rxb5 Rh4 60. Rb4 Kc5 61. b3 Rg4 62. Ka4 Rh4 63. Rb5+ Kc6 64. Rg5 cxb3+ 65.
Kxb3 Kc7 66. c4 Kc6 67. Kb4 Kc7 68. Rg7+ Kc6 69. Rg6+ Kc7 70. Kb5 Rh5+ 71. c5
Rh7 72. Ra6 Kb7 73. c6+ Kb8 74. Kb6 Rg7 75. Ra5 Rf7 76. Rh5 Rf8 77. Rh7 Re8 78.
Rb7+ Kc8 79. Ra7 Kb8 80. c7+ Kc8 81. Ra8+ Kd7 82. Rxe8 1-0

[Event "European Blitz 2017"]
[Site "Katowice POL"]
[Date "2017.12.15"]
[Round "5.81"]
[White "Costachi, Mihnea"]
[Black "Kiratzopoulos, Efthimios"]
[Result "1-0"]
[WhiteTitle "IM"]
[WhiteElo "2441"]
[BlackElo "2204"]
[WhiteFideId "1217518"]
[BlackFideId "4207629"]
[EventDate "2017.12.15"]
[EventType "blitz"]

1. d4 Nf6 2. c4 Nc6 3. Nf3 e6 4. e3 Bb4+ 5. Bd2 Qe7 6. Bd3 O-O 7. O-O a5 8. e4
d6 9. Bg5 e5 10. a3 Bg4 11. d5 Nd4 12. axb4 axb4 13. Rxa8 Rxa8 14. Nbd2 h6 15.
Be3 c5 16. dxc6 bxc6 17. Be2 Nxe2+ 18. Qxe2 Ra2 19. Rb1 c5 20. Qd3 g5 21. h3 Bh5
22. Nh2 Qe6 23. f3 Bg6 24. Ng4 Nxg4 25. hxg4 f6 26. Nb3 Bf7 27. Nd2 Kg7 28. b3
h5 29. gxh5 Bxh5 30. Nf1 g4 31. f4 Bf7 32. f5 Qd7 33. Rd1 Qc6 34. Ng3 Ra6 35.
Bc1 Be8 36. Qd2 Kf7 37. Qh6 Ke7 38. Qg7+ Bf7 39. Re1 Ra1 40. Nh5 d5 41. exd5 Qd6
42. Kf1 Ra2 43. Nxf6 e4 44. Nxe4 Qh2 45. Nf2+ Kd8 46. Qf8+ Kc7 47. Re7+ Kb6 48.
Qd8+ Ka6 49. Qa8+ Kb6 50. Qb7+ 1-0